| 000 | 01006nam a2200277 a 4500 | ||
|---|---|---|---|
| 999 |
_c1038 _d1038 |
||
| 001 | 20739 | ||
| 003 | BD-DhUAP | ||
| 005 | 20210119103901.0 | ||
| 008 | 200202t20112007enk b 001 0 eng d | ||
| 020 | _a9780521875318 (hbk.) | ||
| 020 | _a0521875315 (hbk.) | ||
| 040 |
_aUKM _cUKM _dBAKER _dBTCTA _dBWKUK _dYDXCP _dBD-DhUAP _bEng |
||
| 082 | 0 | 4 |
_a343.087 BHU _223 |
| 100 | 1 | _aBhuiyan, Sharif. | |
| 245 | 1 | 0 |
_aNational law in WTO law : _beffectiveness and good governance in the world trading system / _cSharif Bhuiyan. |
| 250 | _a1st paperback ed. | ||
| 260 |
_aNew York : _bCambridge University Press, _cc2007 [Reprinted 2011]. |
||
| 300 |
_axli, 316 pages ; _c24 cm. |
||
| 490 | _aCambridge studies in international and comparative law. | ||
| 504 | _aIncludes bibliographical references, bibliography (p. 286-308), and index. | ||
| 650 | 0 | _aForeign trade regulation. | |
| 650 | 0 | _aInternational and municipal law. | |
| 942 |
_2ddc _cBK |
||